000 00370pam a2200157a 44500
008 230515b2008 xxu||||| |||| 00| 0 eng d
020 _aNULL
041 _aENGLISH
082 _a513/LAL
100 _a"LAL,M B /GOSWAMI ,P K"
245 _aOBJECTIVE INSTANT ARITHMETIC
250 _a1
260 _aPUNE
_bUATKARSH PRAKASHAN
_c2008
300 _a400
650 _aNULL
999 _c542062
_d542062